[Event "Tourn. n9955"]
[Site "www.echecsemail.com"]
[Date "2018.10.03"]
[Round "1"]
[White "Add"]
[Black "Apdash"]
[WhiteElo "2240"]
[BlackElo "2150"]
[Result "1/2-1/2"]
[Round "1"]
1.e4 c5
2.Ng1f3 d6
3.Nb1c3 Nb8c6
4.h3 g6
5.d4 cxd4
6.Nf3xd4 Bf8g7
7.Nd4f3 Ng8f6
8.a3 O-O
9.Ra1b1 a6
10.Bc1e3 b5
11.Qd1d2 Bc8b7
12.Bf1d3 Nc6e5
13.Nf3xe5 dxe5
14.O-O Qd8c7
15.Be3h6 Ra8d8
16.Qd2e3 Nf6h5
17.Bh6xg7 Kxg7
18.Nc3e2 e6
19.f3 f5
20.Qe3g5 h6
21.Qg5h4 Qc7f7
22.g4 Nh5f4
23.Ne2xf4 exf4
24.gxf5 exf5
25.Qh4xf4 fxe4
26.Qf4e5 Qf7f6
27.Qe5xf6 Rf8xf6
28.fxe4 Rf6e6
29.Rb1e1 Rd8e8
30.Rf1f4 g5
31.Rf4g4 Re6e5
32.h4 Bb7c8
33.Rg4g2 g4
34.Re1e3 h5
35.Kf1 Bc8b7
36.Rg2e2 Kf6
37.Kg2 Bb7c6
38.Kg3 Ke6
39.c4 Re5c5
40.b4 Rc5e5
41.cxb5 Bc6xb5
42.Bd3xb5 axb5
43.Re2d2 Re8f8
44.Kg2 { draw }
1/2-1/2

[Event "Tourn. n9894"]
[Site "www.echecsemail.com"]
[Date "2018.10.03"]
[Round "1"]
[White "Falcoale"]
[Black "Osopanda"]
[WhiteElo "1880"]
[BlackElo "1840"]
[Result "0-1"]
[Round "1"]
1.e4 d6
2.d4 Ng8f6
3.Nb1c3 Nb8d7
4.Bf1d3 e5
5.d5 Bf8e7
6.Ng1f3 O-O
7.O-O Rf8e8
8.h3 Nd7f8
9.Bc1e3 Bc8d7
10.Nc3e2 Nf8g6
11.Ne2g3 Ng6f4
12.Ng3e2 Nf4xd3
13.Qd1xd3 c6
14.c4 h6
15.Ne2g3 Ra8c8
16.Ra1d1 Be7f8
17.Nf3h2 Kh7
18.f4 exf4
19.Be3xf4 cxd5
20.e5 Nf6e4
21.cxd5 f5
22.e6 Bd7xe6
23.dxe6 Re8xe6
24.Ng3xf5 Ne4c5
25.Qd3b1 Qd8b6
 { time }
0-1

[Event "Match"]
[Site "www.echecsemail.com"]
[Date "2018.10.03"]
[Round "1"]
[White "Gambitmiau"]
[Black "Darknight"]
[WhiteElo "1940"]
[BlackElo "1940"]
[Result "0-1"]
[Round "1"]
1.e4 e5
2.d4 exd4
3.Bf1c4 Qd8e7
4.c3 h6
5.a3 Ng8f6
6.e5 Qe7xe5
7.Qd1e2 Bf8d6
8.cxd4 Qe5xe2
9.Ng1xe2 Bd6e7
10.O-O d5
11.Bc4a2 Nb8c6
12.b4 a6
13.Nb1c3 Bc8e6
14.Bc1b2 O-O-O
15.Ne2f4 g5
16.Nf4xe6 fxe6
17.Rf1e1 Nc6xd4
18.Ra1c1 Rd8g8
19.Nc3a4 Nd4c6
20.Re1xe6 Rh8h7
21.Bb2xf6 Be7xf6
22.Re6xf6 Rg8d8
23.Rc1d1 Nc6e7
24.f4 b5
25.Na4c5 c6
26.Nc5xa6 Kb7
27.Na6c5 Kb6
28.fxg5 hxg5
29.a4 bxa4
30.Nc5xa4 Kb5
31.Ba2b3 Kxb4
32.Rf6f3 g4
33.Rd1d4 Ka5
34.Rf3c3 Rd8g8
35.Rc3c5 Ka6
36.Bb3c2 Rh7g7
37.Bc2d3 Kb7
38.Bd3a6 Kxa6
39.Rd4b4 g3
40.Na4c3 gxh2
41.Kh1 Rg7xg2
42.Rb4b1 Rg2g1
43.Kxh2 Rg1g7
{ resign }
0-1

[Event "Tourn. n9941"]
[Site "www.echecsemail.com"]
[Date "2018.10.03"]
[Round "1"]
[White "Coolant"]
[Black "Szustan"]
[WhiteElo "2320"]
[BlackElo "2570"]
[Result "0-1"]
[Round "1"]
1.d4 d5
2.Ng1f3 Ng8f6
3.Bc1f4 e6
4.e3 c5
5.c3 Nb8c6
6.Bf1d3 Bf8d6
7.Bf4g5 O-O
8.O-O h6
9.Bg5h4 e5
10.dxe5 Nc6xe5
11.Nf3xe5 Bd6xe5
12.Nb1d2 Rf8e8
13.Qd1c2 Be5xh2
14.Kh1 Bh2c7
15.Bh4xf6 Qd8xf6
16.Kg1 Qf6d6
17.Nd2f3 Bc8g4
18.Rf1d1 Bg4xf3
19.gxf3 c4
{ resign }
0-1

[Event "Tourn. n9931"]
[Site "www.echecsemail.com"]
[Date "2018.10.03"]
[Round "1"]
[White "Madz123456"]
[Black "Julian"]
[WhiteElo "1850"]
[BlackElo "1760"]
[Result "0-1"]
[Round "1"]
1.e4 e5
2.Ng1f3 Nb8c6
3.d4 exd4
4.Nf3xd4 Ng8f6
5.Nd4xc6 bxc6
6.Bf1d3 d6
7.Qd1e2 Bf8e7
8.O-O O-O
9.f4 Rf8e8
10.Nb1d2 Bc8g4
 { time }
0-1

[Event "Tourn. n9943"]
[Site "www.echecsemail.com"]
[Date "2018.10.03"]
[Round "1"]
[White "Osopanda"]
[Black "Bojan"]
[WhiteElo "1860"]
[BlackElo "1930"]
[Result "0-1"]
[Round "1"]
1.e4 e5
2.Ng1f3 Nb8c6
3.Nb1c3 h6
4.d4 exd4
5.Nf3xd4 Qd8f6
6.Bc1e3 Bf8c5
7.Nd4xc6 Bc5xe3
8.fxe3 Qf6xc6
9.Qd1f3 a6
10.O-O-O Ng8e7
11.Nc3d5 d6
12.Bf1d3 Ne7g6
13.Rh1f1 Bc8e6
14.Kb1 Ng6e5
 { time }
0-1

[Event "Tourn. n9938"]
[Site "www.echecsemail.com"]
[Date "2018.10.03"]
[Round "1"]
[White "Madz123456"]
[Black "Karamelka"]
[WhiteElo "1920"]
[BlackElo "2060"]
[Result "0-1"]
[Round "1"]
1.e4 e6
2.d4 a6
3.Ng1f3 d5
4.Nb1c3 Ng8f6
5.Bf1d3 c5
6.Bc1g5 cxd4
7.Nf3xd4 Nb8c6
8.Nd4xc6 bxc6
9.O-O h6
 { time }
0-1

[Event "Match"]
[Site "www.echecsemail.com"]
[Date "2018.10.03"]
[Round "1"]
[White "Apdash"]
[Black "Calponas"]
[WhiteElo "2150"]
[BlackElo "2060"]
[Result "1-0"]
[Round "1"]
1.e4 c5
2.Ng1f3 Nb8c6
3.d4 cxd4
4.Nf3xd4 Ng8f6
5.Nb1c3 d6
6.Bf1b5 Bc8d7
7.O-O g6
8.Rf1e1 Bf8g7
9.Bc1g5 a6
10.Nd4xc6 Bd7xc6
11.Bb5xc6 bxc6
12.Qd1f3 O-O
13.e5 dxe5
14.Re1xe5 Qd8d6
15.Ra1e1 Rf8e8
16.Re5e2 Ra8b8
17.b3 Qd6c5
18.Bg5xf6 Bg7xf6
19.Nc3e4 Qc5d4
20.Ne4xf6 exf6
21.Re2xe8 Rb8xe8
22.Re1xe8 Kg7
23.h3 Qd4a1
24.Kh2 { resign }
1-0

[Event "Match"]
[Site "www.echecsemail.com"]
[Date "2018.10.03"]
[Round "1"]
[White "Zack1984"]
[Black "Logout"]
[WhiteElo "1370"]
[BlackElo "1829"]
[Result "1-0"]
[Round "1"]
1.b4 e5
2.Bc1b2 Nb8c6
3.b5 Nc6d4
4.e3 Nd4e6
5.Bb2xe5 d6
6.Be5b2 Bc8d7
7.c4 Ng8f6
8.Ng1f3 Bf8e7
9.d4 O-O
10.a4 c6
11.Bf1d3 Qd8c7
12.Qd1b3 a6
13.b6 Qc7c8
14.a5 c5
15.d5 Ne6d8
16.Qb3c2 h6
17.Nb1d2 Nf6e8
18.e4 f5
19.e5 dxe5
20.Nf3xe5 Ne8d6
21.O-O Nd8f7
22.f4 Be7f6
23.Ne5g6 Nf7h8
24.Ng6xf8 Bf6xb2
25.Nf8xd7 Bb2xa1
26.Bd3xf5 Nd6xf5
27.Qc2xf5 Ba1d4
28.Kh1 Nh8f7
29.Rf1e1 Nf7d6
30.Qf5e6 Nd6f7
31.Nd2e4 Qc8d8
32.Ne4d6 Kh8
33.Nd6xf7 Kh7
34.Nf7xd8 Ra8xd8
35.f5 h5
36.Qe6g6 Kh8
37.f6 gxf6
38.Re1e7 Rd8xd7
39.Re7e8 
1-0

[Event "Tourn. n9923"]
[Site "www.echecsemail.com"]
[Date "2018.10.03"]
[Round "1"]
[White "Osopanda"]
[Black "Madz123456"]
[WhiteElo "1900"]
[BlackElo "1800"]
[Result "1-0"]
[Round "1"]
1.e4 c5
2.Ng1f3 d6
3.c3 Ng8f6
4.e5 dxe5
5.Nf3xe5 e6
6.d4 Bf8d6
7.Bf1b5 Bc8d7
8.Ne5xd7 Nb8xd7
9.O-O O-O
10.Bc1g5 h6
11.Bg5h4 Qd8c7
12.Nb1d2 Bd6xh2
13.Kh1  { time }
1-0

[Event "1/2 Finale"]
[Site "www.chess-mail.com"]
[Date "2018.10.03"]
[Round "1"]
[White "Maxiboi"]
[Black "Jose"]
[WhiteElo "2900"]
[BlackElo "2810"]
[Result "1-0"]
[Round "1"]
1.d4 d5
2.c4 c5
3.cxd5 Qd8xd5
4.Ng1f3 cxd4
5.Nb1c3 Qd5a5
6.Nf3xd4 Ng8f6
7.Nd4b3 Qa5c7
8.Nc3b5 Qc7e5
9.e4 e6
10.Qd1d4 Qe5xd4
11.Nb3xd4 Nb8a6
12.f3 e5
13.Nd4b3 Bc8e6
14.Bc1e3 Bf8e7
15.Nb5xa7 Na6b4
16.Bf1b5 Kf8
17.Kd1 Ra8d8
18.Nb3d2 Nb4d3
19.a3 g5
20.Kc2 Nd3f4
21.g3 Nf4h3
22.Be3b6 Rd8a8
23.Bb5c4 Be6d7
24.Bc4f1 Bd7e6
25.b4 g4
26.Bf1xh3 gxh3
27.Rh1c1 Kg7
28.Kb2 Nf6d7
29.Bb6e3 Be7d8
30.Na7c8 Bd8g5
31.Be3xg5 Ra8xc8
32.Bg5e3 b5
33.Rc1xc8 Rh8xc8
34.Nd2b1 Be6c4
35.Nb1c3 h5
36.Ra1d1 Nd7f6
37.Rd1d6 Nf6e8
38.Rd6d2 Rc8b8
39.Be3c5 Rb8a8
40.Nc3d1 Bc4e6
41.Nd1e3 Ra8c8
42.Rd2d1 Rc8a8
43.Bc5d6 Ne8xd6
44.Rd1xd6 Ra8b8
45.Ne3d5 Rb8b7
46.Rd6c6 Be6xd5
47.exd5 Kf8
48.Rc6h6 { resign }
1-0

[Event "Tourn. n9955"]
[Site "www.echecsemail.com"]
[Date "2018.10.04"]
[Round "1"]
[White "Coolant"]
[Black "Apdash"]
[WhiteElo "2300"]
[BlackElo "2190"]
[Result "1-0"]
[Round "1"]
1.e4 c5
2.d4 cxd4
3.Ng1f3 Nb8c6
4.Nf3xd4 d6
5.c4 Ng8f6
6.Nb1c3 Bc8g4
7.f3 Bg4h5
8.Bc1e3 a6
9.g4 Bh5g6
10.h4 h6
11.h5 Bg6h7
12.Qd1b3 Qd8c7
13.Nc3d5 Nf6xd5
14.cxd5 Nc6xd4
15.Be3xd4 f6
16.Bf1d3 g5
17.Kd2 Bh7g8
18.Ra1c1 Qc7d7
19.Bd4b6 Ra8c8
20.Rc1xc8 Qd7xc8
21.Rh1c1 Qc8b8
22.Qb3a4 Kf7
23.Qa4d7 Kg7
24.Bb6c7 Qb8a7
25.Bc7xd6 Qa7f2
26.Kc3 Qf2xf3
27.Rc1f1 Qf3e3
28.Bd6xe7 Bf8xe7
29.Qd7xe7 Bg8f7
30.Qe7xf6 { resign }
1-0

[Event "Tourn. n9938"]
[Site "www.echecsemail.com"]
[Date "2018.10.04"]
[Round "1"]
[White "Scasan55"]
[Black "Madz123456"]
[WhiteElo "1860"]
[BlackElo "1910"]
[Result "1-0"]
[Round "1"]
1.e4 c5
2.Ng1f3 d6
3.d4 cxd4
4.Nf3xd4 Ng8f6
5.Nb1c3 a6
6.Bf1e2 e5
7.Nd4f3 h6
8.O-O Bc8e6
9.h3 Bf8e7
10.b3 O-O
11.Bc1a3 Nb8d7
12.Rf1e1 Qd8c7
{ time. }
1-0

[Event "Tourn. n9929"]
[Site "www.echecsemail.com"]
[Date "2018.10.04"]
[Round "1"]
[White "Cathar"]
[Black "Stepanpech"]
[WhiteElo "2330"]
[BlackElo "2510"]
[Result "0-1"]
[Round "1"]
1.d4 f5
2.Nb1c3 Ng8f6
3.Bc1f4 d5
4.e3 e6
5.Nc3b5 Bf8d6
6.Nb5xd6 cxd6
7.Ng1f3 Nb8c6
8.c4 Qd8a5
9.Qd1d2 Nc6b4
10.Bf4xd6 Nb4c2
11.Kd1 Qa5xd2
12.Nf3xd2 Nc2xa1
13.f3 b6
14.Bf1d3 Bc8a6
15.Ke2 dxc4
16.Nd2xc4 Ra8d8
17.Bd6e5 Na1c2
18.a3 Nf6d5
{ resign }
0-1

[Event "Match"]
[Site "www.echecsemail.com"]
[Date "2018.10.04"]
[Round "1"]
[White "Zack1984"]
[Black "Cal"]
[WhiteElo "1370"]
[BlackElo "1700"]
[Result "1-0"]
[Round "1"]
1.b4 e5
2.Bc1b2 d6
3.c4 a6
4.e3 Ng8f6
5.Ng1f3 c6
6.d4 e4
7.Nf3d2 h6
8.Nb1c3 b6
9.d5 c5
10.Nc3xe4 Bc8f5
11.Ne4xf6 gxf6
12.Qd1f3 Bf5g6
13.Bb2xf6 Qd8d7
14.Bf6xh8 Kd8
15.bxc5 Kc7
16.cxb6 Kxb6
17.e4 Kc7
18.c5 dxc5
19.Nd2c4 h5
20.Qf3f4 Kb7
21.Ra1b1 Ka7
22.Nc4a5 Bf8d6
23.Qf4xd6 Qd7xd6
24.Rb1b7 
1-0

[Event "Match"]
[Site "www.echecsemail.com"]
[Date "2018.10.04"]
[Round "1"]
[White "Alessiov"]
[Black "Luzhin"]
[WhiteElo "2260"]
[BlackElo "2470"]
[Result "1/2-1/2"]
[Round "1"]
1.e4 e5
2.Ng1f3 Nb8c6
3.Bf1c4 Ng8f6
4.d3 Bf8c5
5.O-O O-O
6.c3 d6
7.h3 a5
8.Nb1d2 Bc8e6
9.Bc4xe6 fxe6
10.a4 Nf6d7
11.Nd2b3 d5
12.exd5 exd5
13.d4 exd4
14.Nb3xd4 Nc6xd4
15.cxd4 Bc5b4
16.Bc1d2 Bb4xd2
17.Qd1xd2 Nd7f6
18.Nf3e5 Nf6e4
19.Qd2e3 Qd8d6
20.f3 Ne4g3
21.Rf1e1 Ng3f5
22.Qe3c3 c6
23.Qc3d2 Ra8a6
24.Qd2f2 Ra6b6
25.Ra1a3 Qd6d8
26.g3 Nf5d6
27.Kg2 Nd6c4
28.Ne5xc4 dxc4
29.Ra3e3 Qd8xd4
30.Re1e2 Rb6b4
31.Re2d2 Qd4c5
32.Rd2d7 Qc5b6
33.Re3e7 Qb6xf2
34.Kxf2 Rb4xb2
35.Ke1 Rf8xf3
36.Re7xg7 Kh8
37.Rg7xh7 Kg8
38.Rd7g7 Kf8
39.Rg7c7 Rf3e3
40.Kd1 Kg8
{ draw }
1/2-1/2

[Event "Tourn. n9915"]
[Site "www.echecsemail.com"]
[Date "2018.10.04"]
[Round "1"]
[White "Picifarkinca"]
[Black "Madz123456"]
[WhiteElo "1450"]
[BlackElo "1740"]
[Result "1-0"]
[Round "1"]
1.e4 e6
2.d4 d5
3.e5 c5
4.Ng1f3 cxd4
5.Nf3xd4 Ng8e7
6.Bf1b5 Nb8c6
7.O-O Bc8d7
8.Nd4xc6 Bd7xc6
9.Qd1e2 Bc6xb5
10.Qe2xb5 Ne7c6
11.Rf1e1 a6
12.Qb5f1 Qd8c7
13.c3 Nc6xe5
14.Bc1f4 Ne5f3
15.gxf3 Qc7xf4
16.Qf1h3 O-O-O
17.Qh3g3 Qf4f6
18.Nb1d2 Bf8d6
{ time. }
1-0

[Event "Match"]
[Site "www.echecsemail.com"]
[Date "2018.10.04"]
[Round "1"]
[White "Zack1984"]
[Black "Dussek"]
[WhiteElo "1370"]
[BlackElo "1830"]
[Result "1-0"]
[Round "1"]
1.b4 Ng8f6
2.Bc1b2 d6
3.c4 Bc8f5
4.Ng1f3 Nb8d7
5.e3 e5
6.d4 c6
7.a3 Bf8e7
8.dxe5 dxe5
9.Nf3xe5 Nd7xe5
10.Qd1xd8 Ra8xd8
11.Bb2xe5 O-O
12.Nb1d2 Nf6e4
13.Nd2xe4 Bf5xe4
14.h4 f6
15.Be5c3 Rd8d7
16.f3 Be4d3
17.Bf1xd3 Rd7xd3
18.Bc3d4 a6
19.Ke2 Rd3b3
20.Kd2 c5
21.Kc2 cxd4
22.Kxb3 dxe3
23.Rh1e1 { resign }
1-0

[Event "Tourn. n9937"]
[Site "www.echecsemail.com"]
[Date "2018.10.04"]
[Round "1"]
[White "Iko"]
[Black "Madz123456"]
[WhiteElo "1760"]
[BlackElo "1900"]
[Result "1-0"]
[Round "1"]
1.e4 c5
2.d4 cxd4
3.Qd1xd4 Nb8c6
4.Qd4c3 Ng8f6
5.Bc1g5 Nf6xe4
6.Bg5xe7 Bf8xe7
7.Qc3xg7 Be7f6
8.Qg7g4 d5
9.Qg4e2 Bf6xb2
10.f3 Nc6d4
11.Qe2d1 Qd8a5
{ time. }
1-0

[Event "Tourn. n9882"]
[Site "www.echecsemail.com"]
[Date "2018.10.04"]
[Round "1"]
[White "Falcoale"]
[Black "Roque1"]
[WhiteElo "1870"]
[BlackElo "1760"]
[Result "0-1"]
[Round "1"]
1.e4 c5
2.Ng1f3 e6
3.d4 cxd4
4.Nf3xd4 Bf8c5
5.Nb1c3 Ng8f6
6.Bf1c4 O-O
7.O-O d6
8.Nd4b3 Bc5b6
9.Bc1g5 Nb8d7
10.Qd1xd6 Qd8c7
11.Qd6xc7 Bb6xc7
12.Ra1e1 a6
13.Bc4d3 Nf6e8
14.Bg5e7 Nd7f6
15.Be7xf8 Kxf8
16.e5 Nf6d7
17.f4 g6
18.Nc3e4 b5
19.Re1d1 Bc7b6
20.Kh1 Bc8b7
21.Nb3d2 Bb7d5
22.b3 Bb6e3
23.Rf1e1 Be3xf4
24.c4 Bd5c6
25.Nd2f3 Nd7xe5
26.Nf3xe5 Bf4xe5
27.Ne4g5 Be5c3
28.Re1f1 Ne8d6
29.Ng5xe6 Ke7
30.Ne6c7 Ra8a7
31.Nc7d5 Ke6
32.Nd5f4 Ke7
33.Rd1c1 Bc3b4
34.Rc1c2 Ra7d7
35.Rc2e2 Kf8
36.cxb5 Nd6xb5
 { time }
0-1

[Event "Tourn. n9887"]
[Site "www.echecsemail.com"]
[Date "2018.10.04"]
[Round "1"]
[White "Osopanda"]
[Black "Falcoale"]
[WhiteElo "1830"]
[BlackElo "1920"]
[Result "1-0"]
[Round "1"]
1.e4 c5
2.Ng1f3 e6
3.d4 cxd4
4.Nf3xd4 Nb8c6
5.Bc1e3 Ng8f6
6.Nb1c3 Bf8b4
7.Nd4xc6 bxc6
8.Qd1f3 Bc8b7
9.Bf1c4 d5
10.exd5 Bb4xc3
11.bxc3 cxd5
12.Bc4b5 Nf6d7
13.Qf3g4 a6
14.Bb5a4 O-O
15.O-O Nd7f6
16.Qg4g3 Ra8c8
17.Be3d4 Bb7c6
18.Ba4xc6 Rc8xc6
19.Ra1d1 Qd8a5
20.Bd4xf6 g6
21.Qg3h4 e5
22.Bf6xe5 f6
23.Be5d4 Qa5xa2
24.Rd1d3 Qa2xc2
25.Rd3h3 g5
26.Qh4h6 Rc6c7
27.Bd4xf6 Qc2g6
28.Qh6xg6 hxg6
29.Bf6xg5  { time }
1-0

[Event "Match"]
[Site "www.echecsemail.com"]
[Date "2018.10.04"]
[Round "1"]
[White "Pinehill"]
[Black "Trisomie73"]
[WhiteElo "2100"]
[BlackElo "1809"]
[Result "1-0"]
[Round "1"]
1.e4 e5
2.d4 exd4
3.Bf1c4 Nb8c6
4.Ng1f3 Bf8c5
5.O-O d6
6.c3 dxc3
7.Nb1xc3 Ng8f6
8.Bc1g5 O-O
9.Nc3d5 Bc8e6
10.Nd5xf6 gxf6
11.Bc4xe6 fxg5
12.Be6f5 Qd8f6
13.Ra1b1 Bc5b6
14.a3  { time }
1-0

[Event "Tourn. n9949"]
[Site "www.echecsemail.com"]
[Date "2018.10.04"]
[Round "1"]
[White "Amaya"]
[Black "Coolant"]
[WhiteElo "2090"]
[BlackElo "2300"]
[Result "0-1"]
[Round "1"]
1.d4 Ng8f6
2.e3 d5
3.Bf1d3 Nb8d7
4.f4 c5
5.c3 Nf6e4
6.Ng1f3 f5
7.O-O Qd8b6
8.Nb1d2 e6
9.Nf3e5 Nd7f6
10.a4 a6
11.a5 Qb6c7
12.Nd2f3 Bf8d6
13.Qd1e1 O-O
14.Qe1h4 Bc8d7
15.g4 fxg4
16.Nf3g5 h6
17.Ng5xe4 dxe4
18.Bd3c2 Bd6xe5
19.fxe5 Nf6d5
20.Qh4xg4 Rf8xf1
21.Kxf1 Ra8f8
22.Kg1 Rf8f5
23.Qg4xe4 Bd7b5
24.Bc1d2 Qc7f7
25.Qe4g2 Rf5g5
{ resign }
0-1

[Event "Tourn. n9915"]
[Site "www.echecsemail.com"]
[Date "2018.10.04"]
[Round "1"]
[White "Picifarkinca"]
[Black "Passaroa25"]
[WhiteElo "1450"]
[BlackElo "1690"]
[Result "1-0"]
[Round "1"]
1.e4 Nb8c6
2.d4 d6
3.h3 Bc8d7
4.Ng1f3 f6
5.Bc1e3 e6
6.Bf1e2 Ng8e7
7.O-O g5
8.Nf3h2 Ne7g6
9.Be2h5 Bf8e7
10.Nh2g4 O-O
11.Bh5xg6 hxg6
12.Nb1c3 Kg7
13.f4 f5
14.Ng4h2 Nc6a5
15.b3 Be7f6
16.e5 dxe5
17.dxe5 Bf6e7
18.Qd1d2 Na5c6
19.Ra1d1 Nc6b8
20.fxg5 Nb8c6
21.Qd2xd7 Qd8xd7
22.Rd1xd7 Nc6xe5
23.Rd7xe7 Rf8f7
24.Re7xe6 Ne5c6
25.Nh2f3 Ra8c8
26.Nf3d4 Nc6xd4
27.Be3xd4 Kh7
28.Bd4f6 c6
29.Rf1f4 b5
30.Rf4h4 { resign }
1-0

[Event "Tourn. n9923"]
[Site "www.echecsemail.com"]
[Date "2018.10.04"]
[Round "1"]
[White "GilliÈre"]
[Black "Dussek"]
[WhiteElo "2010"]
[BlackElo "1840"]
[Result "1-0"]
[Round "1"]
1.e4 c6
2.c4 e5
3.d3 Ng8f6
4.Ng1f3 d6
5.Nb1c3 Bc8g4
6.Bf1e2 Bf8e7
7.Bc1g5 Nb8d7
8.h3 Bg4h5
9.g4 Bh5g6
10.Qd1b3 Nd7c5
11.Qb3c2 Nc5e6
12.Bg5xf6 Be7xf6
13.O-O-O O-O
14.h4 h6
15.h5 Bg6h7
16.Kb1 Qd8b6
17.Nc3a4 Qb6c7
18.Rd1g1 Ne6d4
19.Nf3xd4 exd4
20.f4 d5
21.e5 Bf6e7
22.cxd5 Qc7d7
23.Na4c5 Be7xc5
24.Qc2xc5 Qd7xd5
25.Qc5xd5 cxd5
26.b4 Ra8c8
27.Kb2 Rc8c7
28.Rg1c1 Rf8c8
29.Rc1xc7 Rc8xc7
30.f5 Rc7c6
31.Rh1c1 Rc6xc1
32.Kxc1 Kf8
33.b5 Ke7
34.Kb2 Kd7
35.a4 b6
36.Kb3 Bh7g8
37.Be2f3 f6
38.e6 Kd6
39.Kb4 Ke5
40.a5 Kd6
41.axb6 axb6
42.Bf3g2 Ke5
43.Bg2f3 Kd6
44.Bf3g2 Kc7
45.Bg2xd5 { resign }
1-0

[Event "Tourn. n9945"]
[Site "www.echecsemail.com"]
[Date "2018.10.04"]
[Round "1"]
[White "Cal"]
[Black "Osopanda"]
[WhiteElo "1720"]
[BlackElo "1840"]
[Result "1-0"]
[Round "1"]
1.d4 d5
2.h3 Ng8f6
3.Ng1f3 e6
4.a3 Bf8d6
5.Nb1c3 O-O
6.e3 c6
7.b4 Nb8d7
8.Bf1d3 Qd8e7
9.O-O e5
10.Rf1e1 e4
11.Bd3xe4 dxe4
12.Nf3g5 h6
13.Ng5xe4 Nf6xe4
14.Bc1b2  { time }
1-0

[Event "Tourn. n9937"]
[Site "www.echecsemail.com"]
[Date "2018.10.04"]
[Round "1"]
[White "Ditto"]
[Black "Madz123456"]
[WhiteElo "1840"]
[BlackElo "1910"]
[Result "1-0"]
[Round "1"]
1.e4 c5
2.Nb1c3 Nb8c6
3.Bf1b5 a6
4.Bb5e2 e6
5.d3 d5
6.exd5 exd5
7.Ng1f3 Bc8e6
8.O-O Bf8d6
{ time. }
1-0

[Event "Match"]
[Site "www.echecsemail.com"]
[Date "2018.10.04"]
[Round "1"]
[White "J1j6"]
[Black "Gambitmiau"]
[WhiteElo "2000"]
[BlackElo "1940"]
[Result "0-1"]
[Round "1"]
1.c4 e5
2.Nb1c3 Bf8b4
3.e3 Bb4xc3
4.dxc3 Ng8f6
5.Bf1d3 e4
6.Bd3e2 O-O
7.f3 Nb8c6
8.f4 d6
9.Qd1c2 Bc8g4
10.Be2xg4 Nf6xg4
11.Qc2xe4 Rf8e8
12.Qe4f3 f5
 { time }
0-1

[Event "Tourn. n9941"]
[Site "www.echecsemail.com"]
[Date "2018.10.04"]
[Round "1"]
[White "Szustan"]
[Black "Asoka"]
[WhiteElo "2570"]
[BlackElo "2710"]
[Result "1/2-1/2"]
[Round "1"]
1.e4 e5
2.Ng1f3 Ng8f6
3.d4 exd4
4.e5 Nf6e4
5.Qd1xd4 d5
6.exd6 Ne4xd6
7.Bf1d3 Nb8c6
8.Qd4f4 g6
9.O-O Bf8g7
10.Bc1d2 O-O
11.Bd2c3 Bc8e6
12.Rf1d1 Rf8e8
13.h4 h6
14.Bd3b5 Be6f5
15.Bc3xg7 Kxg7
16.Nb1c3 Bf5xc2
17.Bb5xc6 Bc2xd1
18.Qf4d4 Kg8
19.Bc6xe8 Bd1xf3
20.Be8a4 Bf3c6
21.Ba4xc6 bxc6
22.Ra1d1 Qd8e8
23.Qd4f6 h5
24.g3 Qe8c8
25.Qf6e7 Qc8d8
26.Qe7xd8 { draw }
1/2-1/2

[Event "Tourn. n9925"]
[Site "www.echecsemail.com"]
[Date "2018.10.04"]
[Round "1"]
[White "Madz123456"]
[Black "Osopanda"]
[WhiteElo "1800"]
[BlackElo "1900"]
[Result "0-1"]
[Round "1"]
1.Ng1f3 d6
2.d4 Ng8f6
3.c3 Nb8d7
4.Nb1d2 e5
5.e4 Bf8e7
6.Bf1d3 O-O
7.Qd1e2 Rf8e8
8.h3 c6
9.O-O Qd8c7
10.Rf1e1 Nd7f8
11.Nd2f1 exd4
12.cxd4 Nf8g6
13.Nf1g3 { time. }
0-1

[Event "1/128 Finale"]
[Site "www.chess-mail.com"]
[Date "2018.10.04"]
[Round "1"]
[White "Traub"]
[Black "J1j6"]
[WhiteElo "1590"]
[BlackElo "1990"]
[Result "1-0"]
[Round "1"]
1.e4 e5
2.Ng1f3 Nb8c6
3.d4 exd4
4.Nf3xd4 Nc6xd4
5.Qd1xd4 Qd8e7
6.Nb1c3 c5
7.Qd4e3 a6
8.Nc3d5 Qe7d6
9.c4 Ng8f6
10.e5 Nf6g4
11.exd6  { time }
1-0

[Event "1/64 Finale"]
[Site "www.chess-mail.com"]
[Date "2018.10.04"]
[Round "1"]
[White "Cristiano"]
[Black "Osopanda"]
[WhiteElo "2000"]
[BlackElo "1840"]
[Result "1-0"]
[Round "1"]
1.e4 c5
2.Ng1f3 Nb8c6
3.d4 cxd4
4.Nf3xd4 d6
5.Nb1c3 Nc6xd4
6.Qd1xd4 Ng8f6
7.Bf1e2 e5
8.Qd4d1 Bc8e6
9.Bc1e3 Bf8e7
10.O-O O-O
11.Kh1 d5
12.exd5 Nf6xd5
13.Nc3xd5  { time }
1-0

[Event "1/64 Finale"]
[Site "www.chess-mail.com"]
[Date "2018.10.04"]
[Round "1"]
[White "Hennie4820"]
[Black "Zack1984"]
[WhiteElo "1990"]
[BlackElo "1370"]
[Result "0-1"]
[Round "1"]
1.e4 Ng8f6
2.e5 Nf6d5
3.d4 d6
4.c4 Nd5b6
5.f4 Bc8f5
6.Bc1e3 e6
7.Nb1c3 dxe5
8.fxe5 Bf8b4
9.Bf1d3 c5
10.Bd3xf5 exf5
11.d5 Nb6xc4
12.Be3f4 O-O
13.Ng1e2 Rf8e8
14.O-O Nc4xe5
15.Nc3b5 a6
16.Nb5c3 Nb8d7
17.a3 Bb4xc3
18.Ne2xc3 Qd8b6
19.Qd1c2 g6
20.Nc3a4 Qb6a7
21.Ra1e1 c4
22.Kh1 b5
23.Na4c3 Ne5d3
24.Re1xe8 Ra8xe8
25.Bf4h6 Nd3f2
26.Kg1 Nf2g4
27.Kh1 Qa7b8
28.g3 Ng4xh6
29.Qc2d2 Nh6g4
{ resign }
0-1

[Event "Tourn. n9883"]
[Site "www.echecsemail.com"]
[Date "2018.10.05"]
[Round "1"]
[White "Alekpax"]
[Black "Obisporey"]
[WhiteElo "2300"]
[BlackElo "2590"]
[Result "1-0"]
[Round "1"]
1.e4 c5
2.Ng1f3 Nb8c6
3.Nb1c3 g6
4.Bf1b5 Bf8g7
5.O-O d6
6.d4 cxd4
7.Nf3xd4 Bc8d7
8.Nd4xc6 bxc6
9.Bb5c4 Ng8f6
10.h3 O-O
11.Bc1g5 Ra8b8
12.Ra1b1 Qd8a5
13.Qd1d2 Bd7e6
14.Bc4xe6 fxe6
15.Rf1e1 Rf8f7
16.e5 Nf6d5
17.exd6 exd6
18.b4 Bg7xc3
19.bxa5 Rb8xb1
20.Re1xb1 Bc3xd2
21.Bg5xd2 Kg7
22.Rb1b8 Rf7d7
23.c4 Nd5e7
24.a6 Kf7
25.Rb8b7 Ke8
26.c5 dxc5
27.Bd2e3 Ne7c8
28.Rb7b8 Kd8
29.Be3xc5 e5
30.Kh2 Rd7d2
31.a3 Rd2d7
32.a4 h5
33.Kg3 Rd7f7
34.Bc5e3 Kd7
35.Rb8b7 Ke6
36.Kh4 Kf6
37.g4 hxg4
38.hxg4 e4
39.Be3c5 Ke6
40.Kg5 Rf7f3
41.Rb7c7 Kd5
42.Bc5e3 Rf3f8
43.Kxg6 Kd6
44.Kg7 Rf8d8
45.Be3f4 Kc5
46.g5 Kb6
47.g6 Nc8d6
48.Bf4xd6 Rd8xd6
49.Rc7f7 Rd6d3
50.Kf8 { resign }
1-0

[Event "Match"]
[Site "www.echecsemail.com"]
[Date "2018.10.05"]
[Round "1"]
[White "Zack1984"]
[Black "Guidom"]
[WhiteElo "1370"]
[BlackElo "2160"]
[Result "1-0"]
[Round "1"]
1.b4 e5
2.Bc1b2 d6
3.c4 Ng8f6
4.Ng1f3 Bf8e7
5.d3 O-O
6.Nb1d2 Bc8g4
7.e3 Nb8d7
8.a3 h6
9.Qd1c2 a6
10.h3 Bg4h5
11.d4 exd4
12.Nf3xd4 c5
13.Nd4f5 Bh5g6
14.Bf1d3 Nd7e5
15.Nf5xe7 Qd8xe7
16.Bd3xg6 Ne5xg6
17.O-O Rf8d8
18.Rf1d1 Ra8c8
19.Ra1c1 b6
20.Bb2xf6 Qe7xf6
21.Qc2a4 a5
22.bxa5 bxa5
23.Qa4xa5 Rc8a8
24.Qa5c7 Ra8xa3
25.Nd2e4 Qf6e7
26.Qc7xe7 Ng6xe7
27.Rd1xd6 Rd8xd6
28.Ne4xd6 Ra3a6
29.Nd6b7 Ra6c6
30.Rc1b1 Ne7g6
31.f4 Ng6f8
32.Kf2 Nf8d7
33.Rb1d1 Nd7b6
34.Rd1d8 Kh7
35.Nb7d6 Kg6
36.e4 Rc6c7
37.g4 f6
38.Rd8h8 Rc7d7
39.f5 Kg5
40.Kg3 { resign }
1-0

[Event "Match"]
[Site "www.echecsemail.com"]
[Date "2018.10.05"]
[Round "1"]
[White "Jovaras"]
[Black "Liencam2"]
[WhiteElo "2250"]
[BlackElo "2350"]
[Result "0-1"]
[Round "1"]
1.e4 c5
2.Ng1f3 e6
3.d4 cxd4
4.Nf3xd4 a6
5.Bf1d3 Bf8c5
6.Nd4b3 Bc5e7
7.O-O d6
8.Nb1c3 Ng8f6
9.Bc1e3 Nb8d7
10.Qd1d2 Nf6g4
11.Be3f4 O-O
12.f3 Ng4e5
13.Bf4e3 Ne5xd3
14.cxd3 Nd7e5
15.f4 Ne5c6
16.Qd2f2 b5
17.Nc3e2 Ra8b8
18.Ra1c1 Bc8b7
19.f5 Nc6e5
20.Ne2g3 Ne5xd3
21.Qf2d2 Nd3xc1
22.Rf1xc1 Rb8c8
{ resign }
0-1

[Event "Tourn. n9937"]
[Site "www.echecsemail.com"]
[Date "2018.10.05"]
[Round "1"]
[White "Iko"]
[Black "Cal"]
[WhiteElo "1760"]
[BlackElo "1740"]
[Result "1-0"]
[Round "1"]
1.e4 e5
2.Ng1f3 d6
3.Bf1c4 h6
4.O-O a6
5.Nb1c3 c6
6.g3 Bc8g4
7.h3 Bg4h5
8.g4 Bh5g6
9.Nf3h4 Bg6h7
10.Qd1f3 Ng8f6
11.d3 b5
12.Bc4b3 Bf8e7
13.g5 hxg5
14.Bc1xg5 Nb8d7
15.Nh4f5 Nd7f8
16.Nf5xg7 Kd7
17.Bb3xf7 Kc7
18.Ng7h5 Nf8d7
19.Nh5g7 Qd8f8
20.Ng7e6 Kb7
21.Ne6xf8 Ra8xf8
22.Bf7e6 Nf6d5
23.Qf3g4 Nd7c5
24.exd5 Be7xg5
25.Qg4xg5 Kb6
26.dxc6 Kxc6
27.Be6d5 Kb6
28.b4 Rh8g8
29.Bd5xg8 Rf8xg8
30.Qg5xg8 Bh7xg8
31.Nc3d5 Bg8xd5
32.bxc5 Kxc5
33.h4 Bd5f3
34.Ra1b1 d5
35.Rb1b3 a5
36.d4 Kxd4
37.Rb3xf3 e4
38.Rf3f5 Kc4
39.h5 d4
40.h6 d3
41.cxd3 exd3
42.h7 a4
43.h8Q d2
44.Qh8c8 Kb4
45.Rf1d1 { resign }
1-0